| 000 | 00633nam a2200217Ia 4500 | ||
|---|---|---|---|
| 999 |
_c41219 _d41219 |
||
| 001 | 7871 | ||
| 003 | GE_BSU | ||
| 005 | 20220927154945.0 | ||
| 008 | 181216s2003fr xx |||||||||||||| ||fre|| | ||
| 020 | _a9788723903877 | ||
| 040 | _cGE_BSU | ||
| 041 | _afre | ||
| 080 | _a821.133.1-311 D-89 | ||
| 100 |
_aDumas, Alexandre _914862 |
||
| 245 |
_aLes Trois Mousquetaires : Les Ferrets de la Reine / _cAlexandre Dumas, Red. Christiane Stefanopoli |
||
| 264 |
_aFrance : _bEasy Readers, _c2003. |
||
| 300 |
_a92 p. _c19 cm. |
||
| 653 | _aLes Trois Mousquetaires | ||
| 653 | _aᲡამი მუშკეტერი | ||
| 942 |
_cBK _2udc |
||